[Event "Politiken Cup 26th"]
[Site "Copenhagen"]
[Date "2004.08.01"]
[Round "10"]
[White "Nielsen, Bo Moller"]
[Black "Gaspariants, Garry"]
[Result "0-1"]
[WhiteElo "2006"]
[BlackElo "2293"]
[PlyCount "76"]
[EventDate "2004.07.24"]
[EventType "swiss"]
[EventRounds "10"]
[EventCountry "DEN"]
[SourceTitle "CBM 101 Extra"]
[Source "ChessBase"]
[SourceDate "2004.09.01"]
[SourceVersion "2"]
[SourceVersionDate "2004.09.01"]
[SourceQuality "1"]

1. d4 Nf6 2. c4 e6 3. Nc3 Bb4 4. Qc2 c5 5. dxc5 Nc6 6. Nf3 Qc7 7. Bg5 Ne5 8. Nxe5 Qxe5 9. Bd2 Bxc5 10. e4 Ng4 11. Nd1 0-0 12. h3 Nf6 13. Bd3 Nh5 14. Ne3 Nf4 15. Bc3 Qh5 16. g4 Qh4 17. 0-0-0 b6 18. Bf1 f6 19. Be1 Qg5 20. Bd2 Qe5 21. Bc3 Qc7 22. Ng2 Bb7 23. f3 Rad8 24. Kb1 Kh8 25. Bd2 Nxg2 26. Bxg2 d5 27. cxd5 exd5 28. exd5 Bxd5 29. Bb4 Qf7 30. Bxc5 Bxa2+ 31. Ka1 bxc5 32. Qxc5 Bb3 33. Rxd8 Rxd8 34. Rc1 Qd7 35. Bf1 Qd2 36. Kb1 a5 37. Qc3 Qd5 38. f4 Qe4+ 0-1

[Event "Politiken Cup 26th"]
[Site "Copenhagen"]
[Date "2004.07.30"]
[Round "8"]
[White "Nielsen, Bo Moller"]
[Black "Wilsbeck, Jan Borge"]
[Result "1-0"]
[WhiteElo "2006"]
[BlackElo "1973"]
[PlyCount "87"]
[EventDate "2004.07.24"]
[EventType "swiss"]
[EventRounds "10"]
[EventCountry "DEN"]
[SourceTitle "CBM 101 Extra"]
[Source "ChessBase"]
[SourceDate "2004.09.01"]
[SourceVersion "2"]
[SourceVersionDate "2004.09.01"]
[SourceQuality "1"]

1. d4 Nf6 2. c4 c5 3. d5 b5 4. cxb5 a6 5. bxa6 g6 6. Nc3 Bxa6 7. e4 Bxf1 8. Kxf1 d6 9. g3 Bg7 10. Kg2 0-0 11. Nf3 Nbd7 12. Re1 Qc7 13. Qe2 Ne8 14. Bf4 f6 15. Nd2 Qb7 16. Nc4 Ne5 17. Bxe5 fxe5 18. b3 Bh6 19. Rab1 Nf6 20. a4 Rfb8 21. Nb5 Bf8 22. Rbd1 Qd7 23. h3 h5 24. f4 exf4 25. gxf4 Nh7 26. e5 Rxb5 27. e6 Qb7 28. axb5 Qxb5 29. Qc2 Kg7 30. Nxd6 exd6 31. e7 Re8 32. exf8Q+ Rxf8 33. Re7+ Kh6 34. Re6 Nf6 35. Qc4 Qd7 36. Rde1 h4 37. f5 g5 38. Qc3 Qd8 39. b4 cxb4 40. Qxb4 Qc7 41. R1e2 g4 42. Qf4+ Kh5 43. hxg4+ Nxg4 44. Rg6 1-0

[Event "Politiken Cup 26th"]
[Site "Copenhagen"]
[Date "2004.07.27"]
[Round "5"]
[White "Jorgensen, Michael"]
[Black "Nielsen, Bo Moller"]
[Result "1/2-1/2"]
[WhiteElo "2251"]
[BlackElo "2006"]
[PlyCount "94"]
[EventDate "2004.07.24"]
[EventType "swiss"]
[EventRounds "10"]
[EventCountry "DEN"]
[SourceTitle "CBM 101 Extra"]
[Source "ChessBase"]
[SourceDate "2004.09.01"]
[SourceVersion "2"]
[SourceVersionDate "2004.09.01"]
[SourceQuality "1"]

1. d4 d5 2. e4 dxe4 3. Nc3 Nf6 4. f3 exf3 5. Nxf3 g6 6. Bc4 Bg7 7. 0-0 0-0 8. Be3 Bg4 9. h3 Bxf3 10. Qxf3 c6 11. Rf2 Nbd7 12. Raf1 Nb6 13. Bd3 Nbd5 14. Bc1 Nb4 15. Ne2 Nxd3 16. Qxd3 Qd7 17. Rf4 Rad8 18. Rh4 c5 19. Qa3 cxd4 20. Rxd4 Qc6 21. Rxd8 Rxd8 22. Bg5 Qxc2 23. Nc3 Rd7 24. Rf2 Qd3 25. Rd2 Qf5 26. Rxd7 Qxd7 27. Qxa7 h6 28. Be3 Kh7 29. Bd4 Ne8 30. Bxg7 Kxg7 31. a4 e5 32. Kh1 Qc6 33. Qe3 f6 34. b4 Nc7 35. Qd3 Ne6 36. b5 Qc7 37. a5 Nd4 38. a6 bxa6 39. bxa6 Qb6 40. Qc4 h5 41. Qc8 g5 42. Qd7+ Kh6 43. a7 Qa6 44. Qa4 Qf1+ 45. Kh2 Nf3+ 46. gxf3 Qf2+ 47. Kh1 Qf1+ 1/2-1/2